Developing communication skills

Enregistré dans:
Détails bibliographiques
Format: Livre
Publié: 1987
Tags: Ajouter un tag
Pas de tags, Soyez le premier à ajouter un tag!
Thư viện lưu trữ: Mạng thư viện Đại học Đà Nẵng
LEADER 00441nam a22001811a 4500
001 000037652
003 13947
005 20160412020419.0
008 160412s1987 000
082 |a 4A(07)998-99 
245 |a Developing communication skills  |c Pat Pattison 
260 |c 1987 
OWN |a LNN 
999 |a From the UDN01 
TYP |a Monograph 
980 |a Mạng thư viện Đại học Đà Nẵng